LEADER 01356nam a2200313 a 4500 001 000000122490 003 CaOOAMICUS 005 20100716083738.0 008 100716t2000 it u000 u ita r 020 $a978-88-15-07738-7 040 $aPUL$bita$dReb 041 1 $aita$hger 082 04$a909 100 1 $aReinhard, Wolfgang,$d1937-$0(OLS)http://pul/name/19263 240 10$aGeschichte der politischen ideen : von der antike bis zur gegenwart$lItaliano.$0(OLS)http://pul/title/153508 245 13$aIl pensiero politico moderno /$cWolfgang Reinhard. 260 $aBologna :$bIl Mulino,$c©2000. 300 $a205 p. ;$c21 cm. 490 1 $aUniversale paperbacks Il Mulino ;$v385 504 $aBibliografia p. 185-197. 651 4$aPensiero politico$ySec. XV-XIX.$0(OLS)http://pul/subject/37092 830 0$aUniversale paperbacks Il Mulino ;$v385.$0(OLS)http://pul/title/190 850 $aPUL 852 $aPUL$W1$xDP2 Filosofia 3$y112$m909 COLL 2.385$j140687$aRistampa del 2010$qDDC 21$B139775$CPULBib$Z2$F139775 $H114282 $82 941 1 $a9 996 $6020$a978-88-15-07738-7$9(OLS)http://pul/number/144886 996 $6082$a909$9(OLS)http://pul/classification/566 996 $6245$aIl pensiero politico moderno$9(OLS)http://pul/title/154314 996 $6260$aBologna :$bIl Mulino$9(OLS)http://pul/publisher/47928 LEADER 01231nam a2200289 u 4500 001 000000159588 003 CaOOAMICUS 005 20170321172050.0 008 170321s2014 it u000 u ita u 020 $a8837215568 032 $aLibriCat 035 $a10850456 040 $aPUL$bita 100 1 $aCaprioli, Adriano.$0(OLS)http://pul/name/10240 245 10$aMontini alla scuola di Agostino e Ambrogio :$bchiamati alla santità /$ca cura di Adriano Caprioli. 260 $aBrescia :$bMorcelliana,$c2014. 300 $aXIII, 127 p. ;$c23 cm 490 1 $aQuaderni della "Gazzada" ;$v32 504 $aBibliografia in nota. 600 04$aPaulus PP.$bVI, s.,$d1897-1978$xCritica e interpretazione.$0(OLS)http://pul/subject/23362 830 0$aQuaderni della Gazzada ;$v32.$0(OLS)http://pul/title/11960 850 $aPUL 852 $aPUL$W1$xFondo C.V.II$y119$mBIO 28$j185054$qFondi$B188250$CPULBib$Z2$F188250 $HCVII179 $81 996 $6020$a8837215568$9(OLS)http://pul/number/62056 996 $6245$aMontini alla scuola di Agostino e Ambrogio :$bchiamati alla santità$9(OLS)http://pul/title/199215 996 $6260$aBrescia :$bMorcelliana$9(OLS)http://pul/publisher/47854